Historia universal de los instrumentos musicales / (Record no. 136411)

MARC details
000 -LEADER
campo de control de longitud fija 00692nam a2200205 4500
001 - NÚMERO DE CONTROL
campo de control 136411
003 - IDENTIFICADOR DE NÚMERO DE CONTROL
campo de control ES-MaACL
005 - FECHA Y HORA DE LA ÚLTIMA TRANSACCIÓN
campo de control 20230906195125.0
007 - CAMPO FIJO DE DESCRIPCIÓN FÍSICA--INFORMACIÓN GENERAL
campo de control de longitud fija t|
008 - DATOS DE LONGITUD FIJA--INFORMACIÓN GENERAL
campo de control de longitud fija 070214s1947 ag r ||||1| spa d
100 1# - ENTRADA PRINCIPAL--NOMBRE DE PERSONA
Nombre de persona Sachs, Curt.
9 (RLIN) 101247
245 10 - MENCIÓN DEL TÍTULO
Título Historia universal de los instrumentos musicales /
Mención de responsabilidad, etc. Curt Sachs ; traducción de María Luisa Roth ; versión de Dora Berdichevsky, Daniel Devoto.
250 ## - MENCION DE EDICION
Mención de edición 1ª. ed.
260 ## - PUBLICACIÓN, DISTRIBUCIÓN, ETC.
Lugar de publicación, distribución, etc. Buenos Aires :
Nombre del editor, distribuidor, etc. Centurión,
Fecha de publicación, distribución, etc. 1947.
300 ## - DESCRIPCIÓN FÍSICA
Extensión 455 p., 24 lám. :
Otras características físicas il. ;
Dimensiones 28 cm.
700 1# - ENTRADA AGREGADA--NOMBRE PERSONAL
Nombre de persona Roth, María Luisa.
9 (RLIN) 99956
700 1# - ENTRADA AGREGADA--NOMBRE PERSONAL
Nombre de persona Berdichevsky, Dora.
9 (RLIN) 27865
700 1# - ENTRADA AGREGADA--NOMBRE PERSONAL
Nombre de persona Devoto, Daniel.
9 (RLIN) 44029
852 ## - LOCALIZACIÓN
Ubicación ES-MaACL
Número de control de estantería C-5192
Sublocalización o colección R.25473
Holdings
Estatus retirado Estado de pérdida Estado de daño No para préstamo Biblioteca de origen Biblioteca actual Ubicación en estantería Fecha de adquisición Fuente de adquisición Total de préstamos Signatura topográfica completa Código de barras Visto por última vez Precio de reemplazo Tipo de ítem Koha
        Biblioteca del Ateneo de Madrid Biblioteca del Ateneo de Madrid Sala Palomar 17/01/2008     C-5192 1141968 23/02/2023 23/02/2023 Libro impreso